Avenged Sevenfold Discography - Statistics

General Stats
  • This quiz has been taken 244 times
  • The average score is 52 of 96
Answer Stats
Album Song % Correct
Hail to the King Hail to the King
93%
Nightmare Nightmare
92%
City of Evil Bat Country
90%
Life Is But a Dream... G
89%
The Stage The Stage
89%
Avenged Sevenfold Afterlife
86%
City of Evil Beast and the Harlot
86%
Avenged Sevenfold A Little Piece of Heaven
83%
Nightmare Welcome to the Family
80%
Waking the Fallen Unholy Confessions
79%
Hail to the King Shepherd of Fire
78%
Nightmare Buried Alive
77%
Avenged Sevenfold Critical Acclaim
77%
City of Evil M.I.A
77%
Avenged Sevenfold Almost Easy
76%
Waking the Fallen Waking the Fallen
75%
Avenged Sevenfold Gunslinger
73%
Life Is But a Dream... Life Is But a Dream...
73%
Nightmare So Far Away
73%
Life Is But a Dream... Nobody
72%
Avenged Sevenfold Dear God
71%
Waking the Fallen Chapter Four
70%
Nightmare God Hates Us
70%
Nightmare Save Me
70%
Avenged Sevenfold Scream
70%
Nightmare Fiction
69%
City of Evil Seize the Day
68%
Avenged Sevenfold Brompton Cocktail
67%
City of Evil Sidewinder
67%
City of Evil Trashed and Scattered
66%
Avenged Sevenfold Lost
65%
Nightmare Natural Born Killer
65%
Hail to the King Acid Rain
64%
City of Evil Blinded in Chains
64%
Waking the Fallen I Won't See You Tonight (Part 1)
64%
Waking the Fallen I Won't See You Tonight (Part 2)
64%
Avenged Sevenfold Unbound (The Wild Ride)
64%
City of Evil Burn It Down
63%
Life Is But a Dream... (O)rdinary
63%
Life Is But a Dream... Mattel
62%
Nightmare Danger Line
61%
Nightmare Victim
61%
Life Is But a Dream... Cosmic
60%
Hail to the King Planets
59%
Life Is But a Dream... (D)eath
56%
The Stage Exist
55%
Waking the Fallen Second Heartbeat
55%
City of Evil Strength of the World
55%
City of Evil Betrayed
54%
Hail to the King This Means War
52%
Life Is But a Dream... We Love You
52%
Hail to the King Coming Home
51%
Hail to the King Crimson Day
51%
Life Is But a Dream... Game Over
51%
Hail to the King Heretic
51%
Nightmare Tonight the World Dies
51%
Black Reign Carry On
50%
Hail to the King Doing Time
49%
The Stage God Damn
49%
Waking the Fallen Remenissions
49%
Hail to the King Requiem
48%
City of Evil The Wicked End
48%
The Stage Fermi Paradox
45%
The Stage Paradigm
45%
Black Reign Not Ready to Die
44%
Sounding the Seventh Trumpet Warmness on the Soul
44%
Waking the Fallen Eternal Rest
42%
Black Reign Mad Hatter
42%
Waking the Fallen Radiant Eclipse
42%
The Stage Roman Sky
42%
The Stage Angels
40%
Life Is But a Dream... Beautiful Morning
39%
The Stage Creating God
39%
Waking the Fallen Desecrate Through Reverence
39%
The Stage Sunny Disposition
39%
Sounding the Seventh Trumpet To End the Rapture
39%
Life Is But a Dream... Easier
38%
Waking the Fallen And All Things Will End
37%
The Stage Simulation
35%
The Stage Higher
33%
Sounding the Seventh Trumpet Streets
33%
Sounding the Seventh Trumpet Darkness Surrounding
31%
Sounding the Seventh Trumpet The Art of Subconscious Illusion
30%
Sounding the Seventh Trumpet Lips of Deceit
27%
Sounding the Seventh Trumpet Turn the Other Way
27%
Sounding the Seventh Trumpet We Come Out at Night
26%
Black Reign Jade Helm
25%
Sounding the Seventh Trumpet An Epic of Time Wasted
24%
The Stage (Deluxe Edition) Dose
24%
Sounding the Seventh Trumpet Shattered by Broken Dreams
24%
Hail to the King (Deluxe Edition) St. James
24%
Sounding the Seventh Trumpet Thick and Thin
23%
Sounding the Seventh Trumpet Forgotten Faces
22%
Nightmare (Japanese Version) Lost It All
20%
Sounding the Seventh Trumpet Breaking Their Hold
19%
Waking the Fallen Clairovoyant Disease
6%
No matching quizzes found
Score Distribution
Percent of People with Each Score
Percentile by Number Answered
Your Score History
You have not taken this quiz